Footballers That Are Under 6 Feet #1 - Sudden Death - Statistics

General Stats
  • This quiz has been taken 42 times
  • The average score is 5 of 10
Answers on the Grid
Answers color-coded by a green-red scale on the quiz's grid according to % correct below.
Yassine Bounou
Virgil van Dijk
Rodri
Raphinha
Phil Foden
Omar Marmoush
N'Golo Kanté
Marcus Rashford
Marc Cucurella
Lionel Messi
Kevin De Bruyne
Julián Alvarez
João Cancelo
Jérémy Doku
Jack Grealish
Abdukodir Khusanov
 
Answer Stats
Answer % Correct
Lionel Messi
84%
N'Golo Kanté
81%
Phil Foden
74%
Jérémy Doku
58%
Marc Cucurella
48%
Julián Alvarez
45%
Raphinha
39%
Jack Grealish
35%
Kevin De Bruyne
13%
Marcus Rashford
6%
No matching quizzes found
Score Distribution
Percent of People with Each Score
Percentile by Number Answered
Your Score History
You have not taken this quiz